Hướng dẫn xử trí vết thương
Đã lưu trong:
| 主要作者: | |
|---|---|
| 格式: | 图书 |
| 语言: | Undetermined |
| 出版: |
Hà Nội
Y học
1979
|
| 主题: | |
| 标签: |
添加标签
没有标签, 成为第一个标记此记录!
|
| Thư viện lưu trữ: | Trung tâm Học liệu Trường Đại học Cần Thơ |
|---|
| LEADER | 00546nam a2200169Ia 4500 | ||
|---|---|---|---|
| 001 | CTU_45988 | ||
| 008 | 210402s9999 xx 000 0 und d | ||
| 082 | |a 617.1026 | ||
| 082 | |b B256 | ||
| 100 | |a Bệnh viện Hữu nghị Việt - Đức | ||
| 245 | 0 | |a Hướng dẫn xử trí vết thương | |
| 245 | 0 | |c Bệnh viện Hữu nghị Việt - Đức | |
| 260 | |a Hà Nội | ||
| 260 | |b Y học | ||
| 260 | |c 1979 | ||
| 650 | |a pathology, surgical | ||
| 980 | |a Trung tâm Học liệu Trường Đại học Cần Thơ | ||